Carta enciclica Mater et magistra (Registro nro. 7000)

Detalles MARC
000 -LEADER
campo de control de longitud fija 00763nam a22002417a 4500
001 - NÚMERO DE CONTROL
campo de control 27578
005 - FECHA Y HORA DE LA ÚLTIMA TRANSACCIÓN
campo de control 20250522045745.0
008 - DATOS DE LONGITUD FIJA--INFORMACIÓN GENERAL
campo de control de longitud fija 5230201991 ck
020 ## - NÚMERO INTERNACIONAL ESTÁNDAR DEL LIBRO
Número Internacional Estándar del Libro 958-607-114-6
082 ## - NÚMERO DE LA CLASIFICACIÓN DECIMAL DEWEY
Número de clasificación 262.91 Ig4m15
110 ## - ENTRADA PRINCIPAL--NOMBRE DE ENTIDAD CORPORATIVA
Nombre de entidad corporativa o nombre de jurisdicción como elemento de entrada Iglesia Católica. Papa (1958-1963 : Juan XXIII)
245 ## - MENCIÓN DEL TÍTULO
Título Carta enciclica Mater et magistra
Mención de responsabilidad, etc. Papa Juan XXIII
250 ## - MENCION DE EDICION
Mención de edición 15
260 ## - PUBLICACIÓN, DISTRIBUCIÓN, ETC.
Lugar de publicación, distribución, etc. Bogotá, Colombia :
Nombre del editor, distribuidor, etc. Ediciones Paulinas
Fecha de publicación, distribución, etc. 1991
300 ## - DESCRIPCIÓN FÍSICA
Extensión 96 páginas ;
Dimensiones 17 cm
490 ## - MENCIÓN DE SERIE
Mención de serie Colección Documentos de la Iglesia ;
Designación de volumen o secuencia 1
650 ## - PUNTO DE ACCESO ADICIONAL DE MATERIA--TÉRMINO DE MATERIA
Término de materia o nombre geográfico como elemento de entrada 1. Iglesia Católica y Problema Sociales.
650 ## - PUNTO DE ACCESO ADICIONAL DE MATERIA--TÉRMINO DE MATERIA
Término de materia o nombre geográfico como elemento de entrada 2.Sociología Cristiana -- Documentos Papales.
650 ## - PUNTO DE ACCESO ADICIONAL DE MATERIA--TÉRMINO DE MATERIA
Término de materia o nombre geográfico como elemento de entrada 3.Encíclicas.
700 ## - ENTRADA AGREGADA--NOMBRE PERSONAL
Nombre de persona I.Juan XXIII, Papa.
700 ## - ENTRADA AGREGADA--NOMBRE PERSONAL
Nombre de persona II. Título
700 ## - ENTRADA AGREGADA--NOMBRE PERSONAL
Nombre de persona III. Serie
Existencias
Estatus retirado Estado de pérdida Estado de daño No para préstamo Colección Biblioteca de origen Biblioteca actual Fecha de adquisición Total de préstamos Signatura topográfica completa Código de barras Visto por última vez Copia número Precio de reemplazo Tipo de ítem Koha
        Acervo general de Libros Biblioteca Central Mons. Favio M. Rivas S. Biblioteca Central Mons. Favio M. Rivas S. 13/12/2021   262.91 Ig4m15 000000009560 23/05/2025 1 23/05/2025 Libros